000 00717nam a2200253Ia 4500
003 OSt
005 20220928131058.0
006 a|||||r|||| 00| 0
007 ta
008 220927b |||||||| |||| 00| 0 eng d
024 _a33018
037 _cTextual
040 _aSDCL
_cSDCL
_beng
041 _2eng
_aeng
082 _aD6,8(B),942, P6
100 _aSchneier Bruice
_9477018
245 0 _aApplied Cryptography
_b Protocols, algorithms, and source code in C
250 _a2
260 _aNew Delhi
_bJohn Wiley
_c2006
300 _axxiii,758p.
_ccm.
650 _aCryptography-Computer
_9467263
942 _hD6,8(B),942, P6
_cTEXL
_2CC
999 _c789478
_d789478